|
|
|
|
| LEADER |
00967nab a2200265 i 4500 |
| 001 |
publ5859 |
| 005 |
20220920094333.0 |
| 008 |
151204s2015 hu o 0|| angol d |
| 022 |
|
|
|a 0922-6168
|
| 024 |
7 |
|
|a 10.1007/s11164-015-1920-x
|2 doi
|
| 024 |
7 |
|
|a 2797775
|2 mtmt
|
| 040 |
|
|
|a SZTE Publicatio Repozitórium
|b hun
|
| 041 |
|
|
|a angol
|
| 100 |
1 |
|
|a Varga Gábor
|
| 245 |
1 |
0 |
|a Fe-amino acid complexes, immobilised on silica gel as active and highly selective catalysts in cyclohexene epoxidation
|h [elektronikus dokumentum] /
|c Varga Gábor
|
| 260 |
|
|
|c 2015
|
| 300 |
|
|
|a 9155-9169
|
| 490 |
0 |
|
|a RESEARCH ON CHEMICAL INTERMEDIATES
|v 41 No. 12
|
| 650 |
|
4 |
|a Kémiai tudományok
|
| 700 |
0 |
1 |
|a Csendes Zita
|e aut
|
| 700 |
0 |
1 |
|a Bajnóczi Éva Gabriella
|e aut
|
| 700 |
0 |
1 |
|a Carlson Stefan
|e aut
|
| 700 |
0 |
1 |
|a Sipos Pál Miklós
|e aut
|
| 700 |
0 |
1 |
|a Pálinkó István
|e aut
|
| 856 |
4 |
0 |
|u http://publicatio.bibl.u-szeged.hu/5859/1/reschemintermed4120159155_u.pdf
|z Dokumentum-elérés
|